| 000 | 00773nam a2200217 i 4500 | ||
|---|---|---|---|
| 001 | 63048 | ||
| 003 | ES-MaACL | ||
| 005 | 20230906164757.0 | ||
| 007 | t| | ||
| 008 | 031128s1949 sp c |||| | spa d | ||
| 110 | 2 |
_aHemeroteca Nacional ( _cEspaña) _94563 |
|
| 245 | 1 | 0 |
_aÍndice de publicaciones diarias y periódicas / _cpor Ramón Fernández Pousa. |
| 250 | _a2ª ed. | ||
| 260 |
_aMadrid : _bSubsecretaría de Educación Popular, Hemeroteca Nacional, _c1949 ( _fPablo López) |
||
| 300 |
_a108 p. ; _c21 cm. |
||
| 610 | 2 | 4 |
_aHemeroteca Nacional (España)- _vCatálogos. _9162896 |
| 650 | 4 |
_aPublicaciones periódicas- _zEspaña- _vBibliografías. _9140171 |
|
| 700 | 1 |
_aFernández Pousa, Ramón _950010 |
|
| 852 |
_aES-MaACL _j1909-F-3 |
||
| 999 |
_c63048 _d63048 |
||